| 000 | 00655nam a2200181Ia 4500 | ||
|---|---|---|---|
| 003 | GCL | ||
| 008 | 140319s9999 xx 000 0 ara d | ||
| 040 |
_aGCL / _cGCL |
||
| 082 | 0 | 4 |
_a228.1 _bم ب |
| 100 | 1 | _aمحمد الصادق قمحاوى | |
| 245 | 1 | 0 |
_aالبرهان فى تجويد القران ومعه رسالة من فضائل القران / _cمحمد الصادق قمحاوى |
| 260 |
_a[S.N] : _bمنشورات مكتبة السنة بالقاهرة ، _c1993 |
||
| 300 | _a143 ص | ||
| 490 |
_aدراسات فى علوم القران _v0 |
||
| 650 | 0 | 4 | _aالقراءات والتجويد |
| 650 | 0 | 4 | _aالقران |
| 942 |
_2ddc _cBK |
||
| 999 |
_c54379 _d54379 |
||